00707nam a22002415i 450000100060000000300090000600500170001500700030003200800410003502000180007604000220009408000140011610000190013024500620014925000150021126000370022630000210026349000410028450400340032565000320035983000410039185200330043211106ES-MaACL20230906150029.0t|920506s1992 sp ||||0| spa j a84-7533-755-4 aM-BN bspa cM-BN a804.99-531 aLleal, Coloma.10aBreu histáoria de la llengua catalana / cColoma Lleal. a[1ª ed.]. aBarcelona : bBarcanova, c1992. a155 p ; c19 cm.1 aBiblioteca cultural Barcanova ; v17 aBibliografía: p. [149]-152. 4aLengua catalana-vHistoria.0 aBiblioteca cultural Barcanova ; v17 aES-MaACLjL-18388 bR.121830